Normal view MARC view
  • Nolla Hernández, Esteban

Entry Nombre Personal

Number of records used in: 1

001 - NUMERO DE CONTROL

  • campo de control: 58555

003 - IDENTIFICADOR DE NUMERO DE CONTROL

  • campo de control: DLC

005 - FECHA Y HORA DE LA ÜLTIMA TRANSACCIÓN

  • campo de control: 20260107103108.0

008 - DATOS DE LONGITUD FIJA

  • campo de control de longitud fija: 170131n| azannaabn | aaa c

010 ## - NÚMERO DE CONTROL DE LA BIBLIOTECA DEL CONGRESO

  • Número de control LC: ns2017000221

035 ## - NUMERO DE CONTROL

  • Número de control: (CaEvSKY)skya11284915

040 ## - FUENTE DE CATALOGACIÓN

  • Agencia original de catalogación: MX-MxITA
  • Lenguaje de catalogación: spa
  • Description conventions: rda
  • Agencia de transcripción: MX-MxITA
  • Agencia que lo modifica: MX-MxUPN

100 1# - ENCABEZAMIENTO - NOMBRE PERSONAL

  • Nombre personal: Nolla Hernández, Esteban

375 ## - GÉNERO

  • Gender: male

377 ## - LENGUA ASOCIADA

  • Language code: spa

670 ## - FUENTE EN LA QUE SE LOCALIZARON DATOS

  • Cita de la fuente: El trago estándar en México, 2015:
  • Información localizada: reverso de la portada (Esteban Nolla Hernández)

902 ## - CATALOGADOR

  • Catalogador: Víctor Ruiz/070126